Biblioteca

Sermon, closing worship : (Registro nro. 70451)

Detalles MARC
000 -LÍDER
Campo fijo de descripción fija 01232nab a2200241 i 4500
001 - NÚMERO DE CONTROL
Campo de control 768714001
003 - IDENTIFICADOR DEL NÚMERO DE CONTROL
Campo de control CO-MdFUSB
005 - FECHA Y HORA DE LA ULTIMA TRANSACCIÓN
control field 20240708122146.0
008 - ELEMENTOS DE LONGITUD FIJA -- INFORMACIÓN GENERAL
Campo fijo de descripción fija -- Información general 240708t1997 sz ||||| |||| 00| 0 eng d
040 ## - FUENTE DE CATALOGACIÓN
Idioma de catalogación spa
Agencia que realiza la transcripción CO-MdFUSB
Agencia que realiza la modificación CO-MdFUSB
041 ## - CÓDIGO DE IDIOMA
Código de idioma para texto/pista de sonido o título separado eng
100 ## - ASIENTO PRINCIPAL--NOMBRE PERSONAL
Nombre personal Song, Choan-Seng,
Término relacionador autor
245 1# - TÍTULO
Título Sermon, closing worship :
Subtitulo the spirit blows where it chooses
Mención de responsabilidad / Choan-Seng Song
520 ## - NOTA DE RESUMEN, ETC.
Nota de sumario, etc. Juan evangelista, autor del evangelio que lleva su nombre, parece mostrar especial interés por la 'noche'. Al final de su relato de la Última Cena, cuando Judas se fue, Juan insistió en decir: "y era de noche" (Jn 13,30). Su intención era mantenernos en suspenso durante la mañana de Pascua, cuando iba a estallar el amanecer de una nueva era con el Señor resucitado de entre los muertos.
546 ## - NOTA DE IDIOMA
Nota de idioma Texto en inglés.
630 07 - PUNTO DE ACCESO ADICIONAL DE MATERIA - TÍTULO UNIFORME
Título uniforme Biblia.
Parte o sección de la obra Juan
650 #7 - ASIENTO SECUNDARIO DE MATERIA - TERMINO TEMÁTICO
Término temático o nombre geográfico como elemento de entrada Hermenéutica bíblica
9 (RLIN) 7333
650 #7 - ASIENTO SECUNDARIO DE MATERIA - TERMINO TEMÁTICO
Término temático o nombre geográfico como elemento de entrada Cristología
9 (RLIN) 239
650 #7 - ASIENTO SECUNDARIO DE MATERIA - TERMINO TEMÁTICO
Término temático o nombre geográfico como elemento de entrada Teología pastoral y unidad cristiana
9 (RLIN) 7183
773 0# - ASIENTO DE ITEM FUENTE
Biblionumber 49396
Itemnumber 59530
Lugar, editorial y fecha de publicación Ginebra
Otro identificador del ítem R1147
Título Reformed World
Número de control del registro (CO-MdFUSB)38
Número Internacional Normalizado para Publicaciones Seriadas (ISSN) 0034-3056
Parte(s) relacionada(s) / Volumen., número. (mes año), páginas Volumen 47, (número 3 & 4, 1997) páginas: 233 - 235
Enumeración y primera página página: 233
942 ## - TIPO DE MATERIAL (KOHA)
Tipo de Item KOHA Artículos de Revista
945 ## - INFORMACIÓN LOCAL DEL REGISTRO
Catalogador Catherine Arias Álvarez - Practicante SENA

No hay ítems disponibles.

Biblioteca FUSBC | Teléfono: (57+4) 349 88 10 Ext. 141| WhatsApp (+57) 3005338115 
E-mail: biblioteca@unisbc.edu.co | Calle 76 87-14 Robledo Palenque, Medellín, Colombia

Con tecnología Koha